000
00282nam a22001457a 4500
020
_a
978-81-317-2965-6
041
_a
ENG
100
_a
Bevan.T
245
_a
Theory of Machines
250
_a
3
260
_a
New Delhi
_b
Pearson
_c
2018
300
_a
621
650
_a
FMP
856
_u
FMP
999
_c
53
_d
53